Movements in art since 1945

Αποθηκεύτηκε σε:
Λεπτομέρειες βιβλιογραφικής εγγραφής
Κύριος συγγραφέας: Lucie-Smith, Edward
Μορφή: Βιβλίο
Γλώσσα:English
Δημοσίευση: London : Thames and Hudson, 1984
Έκδοση:New ed., rev.
Θέματα:
Ετικέτες: Προσθήκη ετικέτας
Δεν υπάρχουν, Καταχωρήστε ετικέτα πρώτοι!

MARC

LEADER 00000nam a2200000 i 4500
001 1/61954
008 930915s eng d
020 |a 0-500-20197-8 
035 |a ΛΕΣΒΟΣb10000948  |l 10000948 
040 |a GR-MY-UA  |b gre  |e aacr 
041 0 |a eng 
082 0 |a 709.04 
100 1 |a Lucie-Smith, Edward. 
245 1 0 |a Movements in art since 1945 /  |c Edward Lucie-Smith 
250 |a New ed., rev. 
260 |a London :   |b Thames and Hudson,   |c 1984 
300 |a 288 σ.;  |b εικ. (μερ. έγχρ.);  |c 21 εκ. 
500 |a Περιέχει βιβλιογραφικές παραπομπές (σ. 278-279) και ευρετήριο 
650 0 0 |a Art. 
650 0 0 |a Art, Modern  |y 20th century  |x History. 
852 |a INST  |b LESVOS  |e 19930915  |h 709.04 LUC  |p 005100004918  |q 005100004918  |t BK  |y 0 
909 |a Λ  |b 022737